Miasta w byłym ZSRR - Nagła Śmierć - Statystyki

Ogólne statystyki
  • Ten quiz został rozwiązany 760 razy
  • Średni wynik to 9 z 13
Answers on the Grid
Answers color-coded by a green-red scale on the quiz's grid according to % correct below.
Władywostok
Kraków
Biszkek
Aktobe
Helsinki
Teheran
Sewastopol
Tallinn
Bukareszt
Kiszyniów
Sofia
Belgrad
Budapeszt
Ufa
Petersburg
Tbilisi
Ułan Bator
Pekin
Krasnodar
Ługańsk
Lwów
Bratysława
Samara
Samsun
 
Statystyki odpowiedzi
Odpowiedź % Poprawnych
Lwów
81%
Petersburg
80%
Władywostok
80%
Ługańsk
75%
Sewastopol
74%
Krasnodar
73%
Kiszyniów
71%
Tallinn
71%
Tbilisi
67%
Ufa
63%
Biszkek
59%
Samara
59%
Aktobe
45%
Nie znaleziono quizów pasujących do podanych kryteriów
Rozkład punktacji
Procent ludzi z każdym wynikiem
Percentyl według liczby udzielonych odpowiedzi
Twoja historia wyników
Nie rozwiązałeś tego quizu